| 000 | 00489nam a2200193Ia 4500 | ||
|---|---|---|---|
| 003 | OSt | ||
| 005 | 20140319083317.0 | ||
| 008 | 140130s9999 xx 000 0 und d | ||
| 020 | _a0590442899 | ||
| 050 |
_aPZ 7 _b.B852Cg 1980 |
||
| 100 | _aBridwell, Norman | ||
| 245 |
_aClifford goes to hollywood / _cBridwell, Norman |
||
| 260 |
_bScholastic, _c1980. _aNew York : |
||
| 300 |
_a30 p. : _bcol. ill. ; _c19 cm. |
||
| 521 | _aG2 | ||
| 526 | _c370 | ||
| 942 |
_cBK _2lcc |
||
| 999 |
_c40192 _d40192 |
||